Social investment and economic growth : (Record no. 3092)

MARC details
000 -LEADER
fixed length control field 00555nam a2200193 4500
003 - CONTROL NUMBER IDENTIFIER
control field OSt
005 - DATE AND TIME OF LATEST TRANSACTION
control field 20160226192107.0
008 - FIXED-LENGTH DATA ELEMENTS--GENERAL INFORMATION
fixed length control field 160226b xxu||||| |||| 00| 0 eng d
020 ## - INTERNATIONAL STANDARD BOOK NUMBER
International Standard Book Number 0855984341
040 ## - CATALOGING SOURCE
Transcribing agency 040a
082 ## - DEWEY DECIMAL CLASSIFICATION NUMBER
Classification number 338.9
Item number WAT 2000
100 ## - MAIN ENTRY--PERSONAL NAME
Personal name Watt, Patrick
9 (RLIN) 6855
245 ## - TITLE STATEMENT
Title Social investment and economic growth :
Remainder of title a strategy to eradicate poverty /
Statement of responsibility, etc. Patrick Watt
260 ## - PUBLICATION, DISTRIBUTION, ETC. (IMPRINT)
Place of publication, distribution, etc. Oxford
Name of publisher, distributor, etc. Oxfam publication
Date of publication, distribution, etc. 2000
300 ## - PHYSICAL DESCRIPTION
Extent i, 160p;
Other physical details ill :
Dimensions 8 cm.
504 ## - BIBLIOGRAPHY, ETC. NOTE
Bibliography, etc includes index
650 ## - SUBJECT ADDED ENTRY--TOPICAL TERM
Topical term or geographic name as entry element Economic growth
9 (RLIN) 6856
942 ## - ADDED ENTRY ELEMENTS (KOHA)
Source of classification or shelving scheme Dewey Decimal Classification
Koha item type Short Loan
Holdings
Withdrawn status Lost status Source of classification or shelving scheme Damaged status Not for loan Home library Current library Date acquired Inventory number Total Checkouts Full call number Barcode Date last seen Price effective from Koha item type
    Dewey Decimal Classification     MUST Main Library MUST Main Library 26/02/2016 2005/23218   338.9 WAT 2000 2016-0243 26/02/2016 26/02/2016 Short Loan